000 00701nam a22002177a 4500
003 OSt
008 260316b2022 |||||||| |||| 00| 0 eng d
020 _a9789356224025
082 _a346.066
_bISS-
245 _aIssuers compliance /
_cNational Institute of Securities Markets
260 _aNew Delhi :
_bTaxmann,
_c2022.
300 _aI-15, 173 p. ;
650 _aSecurities—Law and legislation—India
650 _aCorporate governance
650 _aSecurities market—India
650 _aCompliance—Law and legislation
650 _aCapital market regulation—India
650 _aListed companies—Regulation
700 _aNational Institute of Securities Markets
942 _2ddc
_cBK
999 _c21617
_d21617